General microbiology (Record no. 396718)

MARC details
000 -LEADER
fixed length control field 00526nam a2200217 4500
005 - DATE & TIME
control field 20260119104548.0
008 - FIXED-LENGTH DATA ELEMENTS--GENERAL INFORMATION
fixed length control field 260119b |||||||| |||| 00| 0 eng d
020 ## - ISBN
International Standard Book Number 9788172334208
Price Rs.3250.00
040 ## - CATALOGING SOURCE
Original cataloging agency VIVEKANANDA LIBRARY
082 ## - DDC NUMBER
Classification number 576
Book Number J221G
100 ## - MAIN ENTRY--PERSONAL NAME
Personal name Jamaluddin
245 ## - TITLE STATEMENT
Title General microbiology
260 ## - PUBLICATION, DISTRIBUTION, ETC. (IMPRINT)
Place of publication, distribution, etc Jodhpur
Name of publisher, distributor, etc Scientific Publishers
Date of publication, distribution, etc 2025
300 ## - PHYSICAL DESCRIPTION
Pages iv, 422
650 ## - Subject
Subject Microbiology
650 ## - Subject
Subject Taxonomy
650 ## - Subject
Subject Gene Expression
700 ## - Added Entry Personal Name
Added Entry Personal Name Malaviya, Naveen
942 ## - ADDED ENTRY ELEMENTS (KOHA)
Koha item type Books

No items available.

© Designed and Maintained by Vivekananda Library, MDU Rohtak